[Event "Prague Golden Blitz op 19th"]
[Site "Prague"]
[Date "2024.06.27"]
[Round "5"]
[White "Lavrincik, Pavel"]
[Black "Melchert, Kai Uwe"]
[Result "0-1"]
[WhiteElo "1734"]
[BlackElo "2027"]
[PlyCount "101"]
[EventDate "2024.06.27"]
[EventType "swiss (blitz)"]
[EventRounds "11"]
[EventCountry "CZE"]
[SourceTitle "EXT 2025"]
[Source "ChessBase"]
[SourceDate "2024.10.14"]
[SourceVersion "1"]
[SourceVersionDate "2024.10.14"]
[SourceQuality "1"]

1. c4 c5 2. Nc3 Nc6 3. e4 b6 4. g3 Bb7 5. Bg2 g6 6. Nge2 Bg7 7. 0-0 d6 8. f4 Nf6 9. d3 0-0 10. f5 Qd7 11. fxg6 hxg6 12. Nf4 Nd4 13. Ncd5 Nxd5 14. Nxd5 Bxd5 15. exd5 Rae8 16. Bf4 e5 17. Bg5 f6 18. Be3 Nf5 19. Qd2 Kh7 20. Rae1 Bh6 21. Bxh6 Nxh6 22. Be4 f5 23. Bg2 Kg7 24. Qg5 Qe7 25. Qxe7+ Rxe7 26. Re2 Ng4 27. Rfe1 Rh8 28. h3 Nf6 29. a3 Nh5 30. Kh2 f4 31. g4 Ng3 32. Rc2 Rhe8 33. Be4 Nxe4 34. dxe4 Rh8 35. Kg2 Rh4 36. Rh1 Kf6 37. b4 Rb7 38. Rb2 Rhh7 39. b5 g5 40. a4 Rh8 41. Ra1 Rbh7 42. Rh1 Ra8 43. Rbb1 Ke7 44. Rb2 Kd7 45. Ra1 Rah8 46. Rh1 Kc7 47. Ra2 Ra8 48. Raa1 Kb7 49. a5 bxa5 50. Rxa5 a6 51. Rb1 0-1

[Event "Merano Gold Cup 31st"]
[Site "Merano"]
[Date "2003.05.07"]
[Round "7"]
[White "Melchert, Kai Uwe"]
[Black "Nischler, Hermann"]
[Result "1-0"]
[WhiteElo "1715"]
[BlackElo "1420"]
[PlyCount "61"]
[EventDate "2003.05.??"]
[EventType "swiss"]
[EventRounds "9"]
[EventCountry "ITA"]
[SourceTitle "EXT 2006"]
[Source "ChessBase"]
[SourceDate "2005.11.24"]
[SourceVersion "1"]
[SourceVersionDate "2005.11.24"]
[SourceQuality "1"]

1. c4 e5 2. Nc3 Bb4 3. Nf3 d6 4. Nd5 Bc5 5. b4 Bd4 6. Nxd4 exd4 7. e4 Ne7 8. Nxe7 Qxe7 9. d3 0-0 10. Be2 c5 11. a3 Nc6 12. Bd2 b6 13. 0-0 Bd7 14. f4 f6 15. Qb3 Kh8 16. Bf3 Rac8 17. Rfe1 Qe8 18. Kh1 Ne7 19. a4 Nc6 20. a5 Rb8 21. b5 Ne7 22. e5 dxe5 23. fxe5 fxe5 24. Rxe5 Qd8 25. Bg5 Rf6 26. axb6 axb6 27. Ra7 h6 28. Bxf6 gxf6 29. Rh5 Kg7 30. Qd1 Be8 31. Rd5 1-0

[Event "Merano Gold Cup 31st"]
[Site "Merano"]
[Date "2003.05.04"]
[Round "4"]
[White "Melchert, Kai Uwe"]
[Black "Mathes, Christian"]
[Result "1/2-1/2"]
[WhiteElo "1715"]
[BlackElo "1406"]
[PlyCount "91"]
[EventDate "2003.05.??"]
[EventType "swiss"]
[EventRounds "9"]
[EventCountry "ITA"]
[SourceTitle "EXT 2006"]
[Source "ChessBase"]
[SourceDate "2005.11.24"]
[SourceVersion "1"]
[SourceVersionDate "2005.11.24"]
[SourceQuality "1"]

1. c4 c6 2. Nc3 d5 3. cxd5 cxd5 4. d4 Nf6 5. Nf3 Nc6 6. Qb3 e6 7. Bg5 Be7 8. e3 0-0 9. Rc1 Na5 10. Qc2 Bd7 11. Bd3 h6 12. Bh4 Rc8 13. 0-0 Nc4 14. b3 Na5 15. Ne5 Nc6 16. Nxc6 Bxc6 17. Qb2 Qa5 18. Nb1 Bb5 19. Bxb5 Qxb5 20. f3 Qa5 21. a3 Bd6 22. b4 Qb6 23. Nc3 Qa6 24. Rfd1 Rc4 25. e4 dxe4 26. fxe4 Bf4 27. Rb1 Be3+ 28. Bf2 Bxf2+ 29. Kxf2 Rfc8 30. Rbc1 Qc6 31. d5 exd5 32. exd5 Qb6+ 33. Kf3 Re8 34. Rd3 Qd6 35. g3 Qe5 36. Qc2 Qh5+ 37. Kg2 Ng4 38. Kg1 Ne3 39. Qd2 Nf5 40. Rf1 Nd6 41. Rf4 Qe5 42. Rdf3 f6 43. Qd3 Rxf4 44. Rxf4 Qe3+ 45. Qxe3 Rxe3 46. Nb1 1/2-1/2

[Event "Merano Gold Cup 31st"]
[Site "Merano"]
[Date "2003.05.02"]
[Round "2"]
[White "Melchert, Kai Uwe"]
[Black "Brehme, Helmut"]
[Result "1-0"]
[WhiteElo "1715"]
[BlackElo "1588"]
[PlyCount "30"]
[EventDate "2003.05.??"]
[EventType "swiss"]
[EventRounds "9"]
[EventCountry "ITA"]
[SourceTitle "EXT 2006"]
[Source "ChessBase"]
[SourceDate "2005.11.24"]
[SourceVersion "1"]
[SourceVersionDate "2005.11.24"]
[SourceQuality "1"]

1. c4 e5 2. Nc3 Bc5 3. Nf3 d6 4. g3 c6 5. Bg2 f5 6. d4 exd4 7. Nxd4 Nf6 8. 0-0 0-0 9. Bg5 h6 10. Bc1 Na6 11. a3 Nc7 12. b4 Bxd4 13. Qxd4 Ne6 14. Qd3 Nc7 15. Rd1 Be6 1-0